[Event "Ambalangoda Dhamso op 8th"]
[Site "Ambalangoda"]
[Date "2018.04.22"]
[Round "7"]
[White "Priyadarshana, Y Danushka"]
[Black "Dalawella, Sanuka Chandul"]
[Result "1-0"]
[WhiteElo "1618"]
[BlackElo "1303"]
[PlyCount "55"]
[EventDate "2018.04.19"]
[EventType "swiss"]
[EventRounds "9"]
[EventCountry "SRI"]
[SourceTitle "CBM 184 Extra"]
[Source "ChessBase"]
[SourceDate "2018.06.28"]
[SourceVersion "1"]
[SourceVersionDate "2018.06.28"]
[SourceQuality "1"]

1. e4 c5 2. Nc3 d6 3. Nge2 e6 4. d4 cxd4 5. Nxd4 a6 6. Be2 b5 7. Be3 Bb7 8. a3 Nd7 9. f4 Nb6 10. Bf2 Rc8 11. 0-0 Ne7 12. Qd3 d5 13. Bf3 g6 14. Ndxb5 axb5 15. Qxb5+ Rc6 16. exd5 Nexd5 17. Rad1 Qc7 18. Nxd5 Nxd5 19. Rxd5 exd5 20. Bxd5 Be7 21. Re1 0-0 22. Rxe7 Qxe7 23. Bxc6 Bxc6 24. Qxc6 Qe2 25. h3 Qd1+ 26. Kh2 Qd2 27. Kg3 Qe2 28. Bb6 1-0